Thèorie mathématique de la lumière (Record no. 162364)

MARC details
000 -LEADER
campo de control de longitud fija 01108nam a22002415i 4500
001 - NÚMERO DE CONTROL
campo de control 162364
003 - IDENTIFICADOR DE NÚMERO DE CONTROL
campo de control ES-MaACL
005 - FECHA Y HORA DE LA ÚLTIMA TRANSACCIÓN
campo de control 20250903022218.0
008 - DATOS DE LONGITUD FIJA--INFORMACIÓN GENERAL
campo de control de longitud fija 011108s1892 fr |||| | fre d
040 ## - FUENTE DE CATALOGACIÓN
Centro catalogador/agencia de origen CCPB | B
Lengua de catalogación spa
Centro/agencia transcriptor CCPB | B
100 1# - ENTRADA PRINCIPAL--NOMBRE DE PERSONA
Nombre de persona Poincaré, Henri.
9 (RLIN) 92751
245 10 - MENCIÓN DEL TÍTULO
Título Thèorie mathématique de la lumière
Resto del título : nouvelles études sur la diffraction ... /
Mención de responsabilidad, etc. par H. Poincaré ; rédigées par Lamotte et Hurmuzescu.
260 ## - PUBLICACIÓN, DISTRIBUCIÓN, ETC.
Lugar de publicación, distribución, etc. Paris :
Nombre del editor, distribuidor, etc. Georges Carré, éditeur,
Fecha de publicación, distribución, etc. 1892 (
Fabricante Imprimerie Deslis frères)
300 ## - DESCRIPCIÓN FÍSICA
Extensión VI, 310 p. ;
Dimensiones 24 cm.
490 1# - MENCIÓN DE SERIE
Mención de serie Cours de la Faculté des Sciences de Paris. Cours de physique mathématique
650 #7 - PUNTO DE ACCESO ADICIONAL DE MATERIA--TÉRMINO DE MATERIA
Término de materia o nombre geográfico como elemento de entrada Luz
Fuente del encabezamiento o término embne
9 (RLIN) 14716
650 #7 - PUNTO DE ACCESO ADICIONAL DE MATERIA--TÉRMINO DE MATERIA
Término de materia o nombre geográfico como elemento de entrada Física matemática
Fuente del encabezamiento o término embne
9 (RLIN) 12887
700 1# - ENTRADA AGREGADA--NOMBRE PERSONAL
Nombre de persona Lamotte, Marcel.
9 (RLIN) 128633
700 1# - ENTRADA AGREGADA--NOMBRE PERSONAL
Nombre de persona Hurmuzescu, Dragomir.
9 (RLIN) 128094
830 0# - PUNTO DE ACCESO ADICIONAL DE SERIE-TÍTULO UNIFORME
Título uniforme Cours de la Faculté des Sciences de Paris. Cours de physique mathématique
9 (RLIN) 188390
852 ## - LOCALIZACIÓN
Ubicación ES-MaACL
Número de control de estantería B-4579
Nota libre -- Enc. hol., conservando la cub. original
-- -- Banderilla en pie de imp.: Paris : Gauthier-Villars, imprimeur-libraire
Holdings
Estatus retirado Estado de pérdida Estado de daño No para préstamo Colección Biblioteca de origen Biblioteca actual Ubicación en estantería Fecha de adquisición Fuente de adquisición Total de préstamos Signatura topográfica completa Código de barras Visto por última vez Precio de reemplazo Tipo de ítem Koha
        Libros del s. XIX Biblioteca del Ateneo de Madrid Biblioteca del Ateneo de Madrid Sala Pardo Bazán 17/01/2008     B-4579 1170099 23/02/2023 23/02/2023 Libro impreso antiguo